<?xml version="1.0" encoding="UTF-8"?>
<record
    xmlns:xsi="http://www.w3.org/2001/XMLSchema-instance"
    xsi:schemaLocation="http://www.loc.gov/MARC21/slim http://www.loc.gov/standards/marcxml/schema/MARC21slim.xsd"
    xmlns="http://www.loc.gov/MARC21/slim">

  <leader>00729nam a22001337a 4500</leader>
  <datafield tag="040" ind1=" " ind2=" ">
    <subfield code="c">RUA</subfield>
  </datafield>
  <datafield tag="082" ind1=" " ind2=" ">
    <subfield code="a">LMA KHA 2017 B640 Or.1</subfield>
  </datafield>
  <datafield tag="100" ind1=" " ind2=" ">
    <subfield code="a">KHAT PHANIT &#x1781;&#x17B6;&#x178F;&#x17CB; &#x1795;&#x17B6;&#x1793;&#x17B7;&#x178F;&#x17D2;&#x1799;</subfield>
  </datafield>
  <datafield tag="245" ind1=" " ind2=" ">
    <subfield code="a">study on normalized different vegetation indices for analysing  landsat8 image in battambong province &#x1780;&#x17B6;&#x179A;&#x179F;&#x17B7;&#x1780;&#x17D2;&#x179F;&#x17B6;&#x179A;&#x1796;&#x17B8;&#x1780;&#x17B6;&#x179A;&#x1794;&#x17D2;&#x179A;&#x17C0;&#x1792;&#x17C0;&#x1794;&#x1794;&#x1785;&#x17C1;&#x17D2;&#x1785;&#x179F; NORMALIZED DIFFERENT VEGETATION INDICES &#x179F;&#x1798;&#x17D2;&#x179A;&#x17B6;&#x1794;&#x17CB;&#x1794;&#x1780;&#x179F;&#x17D2;&#x179A;&#x17B6;&#x1799;&#x179A;&#x17BC;&#x1794;&#x1797;&#x17B6;&#x1796; LANDSAT8 &#x1793;&#x17C5;&#x1781;&#x17C1;&#x178F;&#x17D2;&#x178F;&#x1794;&#x17B6;&#x178F;&#x17CB;&#x178A;&#x17C6;&#x1794;&#x1784;</subfield>
  </datafield>
  <datafield tag="260" ind1=" " ind2=" ">
    <subfield code="a">RUA</subfield>
    <subfield code="b">Phnom penh </subfield>
    <subfield code="c">2017</subfield>
  </datafield>
  <datafield tag="300" ind1=" " ind2=" ">
    <subfield code="a">ix;38p</subfield>
    <subfield code="b">ill;</subfield>
    <subfield code="c">29cm</subfield>
  </datafield>
  <datafield tag="856" ind1=" " ind2=" ">
    <subfield code="u">https://drive.google.com/file/d/1bRBU9-DSgGMc7uoBhCy6PKiY858sG03T/view?usp=sharing</subfield>
  </datafield>
  <datafield tag="942" ind1=" " ind2=" ">
    <subfield code="c">LMA</subfield>
  </datafield>
  <datafield tag="999" ind1=" " ind2=" ">
    <subfield code="c">18128</subfield>
    <subfield code="d">18128</subfield>
  </datafield>
  <datafield tag="952" ind1=" " ind2=" ">
    <subfield code="0">0</subfield>
    <subfield code="1">0</subfield>
    <subfield code="2">ddc</subfield>
    <subfield code="4">0</subfield>
    <subfield code="6">LMA_KHA_2017_000000000000000_B640_OR_1</subfield>
    <subfield code="7">0</subfield>
    <subfield code="9">80880</subfield>
    <subfield code="a">LBB</subfield>
    <subfield code="b">LBB</subfield>
    <subfield code="c">B640</subfield>
    <subfield code="d">2019-08-06</subfield>
    <subfield code="o">LMA KHA 2017 B640 Or.1</subfield>
    <subfield code="p">A40215</subfield>
    <subfield code="r">2019-08-06</subfield>
    <subfield code="w">2019-08-06</subfield>
    <subfield code="y">LMA</subfield>
  </datafield>
  <datafield tag="952" ind1=" " ind2=" ">
    <subfield code="0">0</subfield>
    <subfield code="1">0</subfield>
    <subfield code="2">ddc</subfield>
    <subfield code="4">0</subfield>
    <subfield code="6">LMA_KHA_2017_000000000000000_B640_OR_2</subfield>
    <subfield code="7">0</subfield>
    <subfield code="9">80881</subfield>
    <subfield code="a">LBB</subfield>
    <subfield code="b">LBB</subfield>
    <subfield code="c">B640</subfield>
    <subfield code="d">2019-08-06</subfield>
    <subfield code="o">LMA KHA 2017 B640 Or.2</subfield>
    <subfield code="p">A39803</subfield>
    <subfield code="r">2019-08-06</subfield>
    <subfield code="w">2019-08-06</subfield>
    <subfield code="y">LMA</subfield>
  </datafield>
  <datafield tag="952" ind1=" " ind2=" ">
    <subfield code="0">0</subfield>
    <subfield code="1">0</subfield>
    <subfield code="2">ddc</subfield>
    <subfield code="4">0</subfield>
    <subfield code="6">LMA_KHA_2017_000000000000000_B640_OR_3</subfield>
    <subfield code="7">0</subfield>
    <subfield code="9">80882</subfield>
    <subfield code="a">LBB</subfield>
    <subfield code="b">LBB</subfield>
    <subfield code="c">B640</subfield>
    <subfield code="d">2019-08-06</subfield>
    <subfield code="o">LMA KHA 2017 B640 Or.3</subfield>
    <subfield code="p">A40128</subfield>
    <subfield code="r">2019-08-06</subfield>
    <subfield code="w">2019-08-06</subfield>
    <subfield code="y">LMA</subfield>
  </datafield>
  <datafield tag="952" ind1=" " ind2=" ">
    <subfield code="0">0</subfield>
    <subfield code="1">0</subfield>
    <subfield code="2">ddc</subfield>
    <subfield code="4">0</subfield>
    <subfield code="6">LMA_KHA_2017_000000000000000_B640_OR_4</subfield>
    <subfield code="7">0</subfield>
    <subfield code="9">80883</subfield>
    <subfield code="a">LBB</subfield>
    <subfield code="b">LBB</subfield>
    <subfield code="c">B640</subfield>
    <subfield code="d">2019-08-06</subfield>
    <subfield code="o">LMA KHA 2017 B640 Or.4</subfield>
    <subfield code="p">A39946</subfield>
    <subfield code="r">2019-08-06</subfield>
    <subfield code="w">2019-08-06</subfield>
    <subfield code="y">LMA</subfield>
  </datafield>
  <datafield tag="952" ind1=" " ind2=" ">
    <subfield code="0">0</subfield>
    <subfield code="1">0</subfield>
    <subfield code="2">ddc</subfield>
    <subfield code="4">0</subfield>
    <subfield code="6">LMA_KHA_2017_000000000000000_B640_OR_5</subfield>
    <subfield code="7">0</subfield>
    <subfield code="9">80884</subfield>
    <subfield code="a">LBB</subfield>
    <subfield code="b">LBB</subfield>
    <subfield code="c">B640</subfield>
    <subfield code="d">2019-08-06</subfield>
    <subfield code="o">LMA KHA 2017 B640 Or.5</subfield>
    <subfield code="p">A40460</subfield>
    <subfield code="r">2019-08-06</subfield>
    <subfield code="w">2019-08-06</subfield>
    <subfield code="y">LMA</subfield>
  </datafield>
  <datafield tag="952" ind1=" " ind2=" ">
    <subfield code="0">0</subfield>
    <subfield code="1">0</subfield>
    <subfield code="2">ddc</subfield>
    <subfield code="4">0</subfield>
    <subfield code="6">LMA_KHA_2017_000000000000000_B640_OR_6</subfield>
    <subfield code="7">0</subfield>
    <subfield code="9">80885</subfield>
    <subfield code="a">LBB</subfield>
    <subfield code="b">LBB</subfield>
    <subfield code="c">B640</subfield>
    <subfield code="d">2019-08-06</subfield>
    <subfield code="l">1</subfield>
    <subfield code="o">LMA KHA 2017 B640 Or.6</subfield>
    <subfield code="p">A39922</subfield>
    <subfield code="r">2020-10-21</subfield>
    <subfield code="s">2020-10-13</subfield>
    <subfield code="w">2019-08-06</subfield>
    <subfield code="y">LMA</subfield>
  </datafield>
</record>
